Pays revendiqués par l'Allemagne nazie - Statistiques

Statistiques générales
  • Ce quiz a été pris 57 fois
  • Le résultat moyen est 11 sur 17
Réponses sur la Carte
Les réponses sont colorées sur une échelle allant du rouge au vert en fonction du pourcentage des utilisateurs qui les ont devinées à leur premier essai. Vous pouvez retrouver ces pourcentages ci-dessous.
 
Statistiques - réponses
Réponse % Correct
France
94%
Allemagne
91%
Belgique
91%
Italie
89%
Pologne
87%
Pays-Bas
85%
Autriche
81%
Luxembourg
79%
République Tchèque
68%
Suisse
68%
Danemark
66%
Norvège
49%
Liechtenstein
47%
Suède
45%
Slovénie
36%
Islande
21%
Lituanie
15%
Aucun quiz correspondant
Distribution des résultats
% des personnes avec chaque résultat
Percentile par nombre de réponses
Votre historique - résultats
Vous n’avez pas pris ce quiz